| 000 | 00647nam a2200205Ia 4500 | ||
|---|---|---|---|
| 003 | OSt | ||
| 005 | 20240814115213.0 | ||
| 008 | 210210b2003 xxu||||| |||| 00| 0 eng d | ||
| 020 | _a81 280 0021 7 | ||
| 040 | _cAL | ||
| 082 | _a301K SUBB | ||
| 100 |
_aSUBRAMANYA (G). _9162752 _dಸುಬ್ರಮಣ್ಯ (ಜಿ) |
||
| 245 |
_aBharatiya samajada samajashastra. _bಭಾರತೀಯ ಸಮಾಜದ ಸಮಾಜಶಾಸ್ತ್ರ. |
||
| 260 |
_aBengaluru _bSapna Buk Haus _c2003 |
||
| 300 | _avi,330 | ||
| 650 |
_aBharatiya samajashastra Indian sociology _9162753 |
||
| 690 |
_aSociology _9162754 |
||
| 906 | _a058800 | ||
| 942 |
_2ddc _cBK |
||
| 999 |
_c105922 _d105922 |
||